| 000 | 03004cam a22003858i 4500 | ||
|---|---|---|---|
| 001 | 21982515 | ||
| 003 | OSt | ||
| 005 | 20230320145903.0 | ||
| 008 | 210406s2022 enk b 001 0 eng | ||
| 010 | _a 2021010332 | ||
| 020 |
_a9780367755850 _q(paperback) |
||
| 040 |
_aDLC _beng _erda _cDLC |
||
| 042 | _apcc | ||
| 050 | 0 | 0 |
_aHD30.255 _b.G49 2021 |
| 082 | 0 | 0 |
_a374.22 _21 _bGEYR |
| 100 | 1 |
_aGeyer Roland. _eauthor. _976593 |
|
| 245 | 1 | 4 |
_aBusiness of less : _brole of companies and households on a planet in peril / _cRoland Geyer. |
| 250 | _a1st ed. | ||
| 263 | _a2109 | ||
| 264 | 1 |
_aNew York. _bRoutledge, Taylor & Francis Group , _c2022. |
|
| 300 |
_axii,160p. ; _bPB _c23.5 cm |
||
| 336 |
_atext _btxt _2rdacontent |
||
| 337 |
_aunmediated _bn _2rdamedia |
||
| 338 |
_avolume _bnc _2rdacarrier |
||
| 504 | _aIncludes bibliographical references and index. | ||
| 520 |
_a"The Business of Less rewrites the book on business and the environment. For the last thirty years, corporate sustainability was synonymous with the pursuit of 'eco-efficiency' and 'win-win' opportunities. The notion of 'eco-efficiency' gives us the illusion that we can achieve environmental sustainability without having to question the pursuit of never-ending economic growth. The 'win-win' paradigm is meant to assure us that companies can be protectors of the environment whilst also being profit maximizers. It is abundantly clear that the state of the natural environment has further degraded instead of improved. This book introduces a new paradigm designed to finally reconcile business and the environment. It is called 'net green', which means that in these times of ecological overshoot businesses need to reduce total environmental impact and not just improve the eco-efficiency of their products. The book also introduces and explains the four pollution prevention principles 'again', 'different', 'less', and 'labor, not materials'. Together, 'net green' and the four pollution prevention principles provide a roadmap, for businesses and for every household, to a world in which human prosperity and a healthy environment are no longer at odds. The Business of Less is full of anecdotes and examples. This brings its material to life and makes the book not only very accessible, but also hugely applicable for everyone who is worried about the fate of our planet and is looking for answers"-- _cProvided by publisher. |
||
| 650 | 0 |
_aWhy win-win wont work _xEnvironmental aspects. _976594 |
|
| 650 | 0 |
_aDifferent _xEnvironmental aspects. _976595 |
|
| 650 | 0 |
_aLabour not materials _976596 |
|
| 650 | 0 |
_aEnvironmental protection. _976597 |
|
| 776 | 0 | 8 |
_iOnline version: _aGeyer, Roland, 1967- _tBusiness of less _dLondon ; New York, NY : Routledge, Taylor & Francis Group, 2022 _z9781003163060 _w(DLC) 2021010333 |
| 906 |
_a7 _bcbc _corignew _d1 _eecip _f20 _gy-gencatlg |
||
| 942 |
_2ddc _cBK _e1st _k374.22 GEYR |
||
| 999 |
_c227063 _d227063 |
||